[Event "Let's Play Chess!"]
[Site "http://www.queenalice.com/game.php?id=1866171"]
[Date "2025.11.26"]
[Round "-"]
[White "Sph4444"]
[Black "alow_proton"]
[Result "1-0"]
[WhiteElo "1908"]
[BlackElo "1973"]

1. e4 c5 2. d4 cxd4 3. Qxd4 Nc6 4. Qe3 e5 5. Bc4 Nf6 6. Nf3 h6 7. O-O b6 8. Nc3
Bc5 9. Qe2 a6 10. Be3 Be7 11. Nd5 Rb8 12. Bxa6 Bc5 13. Bxc5 bxc5 14. Bxc8 Rxc8
15. c4 O-O 16. Nxf6+ Qxf6 17. Rad1 d6 18. a3 Rb8 19. Rd3 Qe7 20. Rfd1 Nd4 21.
Nxd4 exd4 22. Rb1 Qe6 23. b3 f5 24. Re1 f4 25. f3 Rb7 26. Rb1 Rfb8 27. Qe1 Qe7
28. b4 g5 29. h3 Qc7 30. b5 Ra7 31. Qd1 Ra5 32. a4 Qb6 33. Kh2 Kg7 34. Ra3 Qc7
35. Rb2 Kf6 36. Re2 Qf7 37. Qc2 Ke5 38. Ra1 h5 39. Ree1 Qg8 40. Qe2 Qf7 41. Qc2
Qe6 42. g4 hxg4 43. hxg4 Rh8+ 44. Kg2 Rh4 45. Rh1 Qh6 46. b6 Qh7 47. Qb3 Qb7 48.
Rxh4 gxh4 49. Kh3 Kf6 50. Rh1 Kg5 51. Re1 Qb8 52. e5 dxe5 53. Qb1 Qxb6 54. Qf5+
Kh6 55. Qh5+ Kg7 56. Qxe5+ Kg6 57. Qe8+ Kf6 58. Qe7+ 1-0

[Event "Christiansted"]
[Site "http://www.queenalice.com/game.php?id=1866398"]
[Date "2025.11.30"]
[Round "-"]
[White "Capixabba789"]
[Black "Sph4444"]
[Result "1-0"]
[WhiteElo "1900"]
[BlackElo "1909"]

1. d4 d5 2. Nc3 Nf6 3. Nf3 e6 4. e3 Bd6 5. Bd3 O-O 6. O-O c5 7. dxc5 Bxc5 8. Ne2
Nc6 9. Ng3 b6 10. Bd2 a5 11. a3 Ba6 12. Re1 Bxd3 13. cxd3 d4 14. e4 e5 15. Nf5
Re8 16. Rc1 g6 17. Ng3 Re6 18. Ng5 Rd6 19. h4 a4 20. f4 Qe8 21. f5 Ne7 22. h5
Nd7 23. hxg6 fxg6 24. Ne6 Ra7 25. Qg4 Nf8 26. Nxc5 bxc5 27. fxg6 Rxg6 28. Qf3
Ne6 29. Nf5 Rb7 30. Nd6 Qb8 31. Nxb7 Qxb7 32. Rb1 Ng5 33. Bxg5 Rxg5 34. Qf6 Rg6
35. Qxe5 Nc6 36. Qxc5 Qg7 37. Re2 Ne7 38. Qc4+ Kh8 39. Qxa4 h5 40. b4 h4 41. Qc2
h3 42. Rb2 Qh7 43. b5 h2+ 44. Kh1 Rb6 45. a4 Ng6 46. a5 Rb8 47. a6 Nf4 48. Rf2
Ne6 49. b6 1-0

[Event "Frederiksted"]
[Site "http://www.queenalice.com/game.php?id=1866399"]
[Date "2025.11.30"]
[Round "-"]
[White "Sph4444"]
[Black "Capixabba789"]
[Result "0-1"]
[WhiteElo "1937"]
[BlackElo "1862"]

1. e4 e5 2. Nf3 d6 3. Bc4 Be7 4. O-O Nf6 5. Ng5 d5 6. exd5 Bd6 7. Qe2 O-O 8. d3
Re8 9. h3 Bf5 10. a3 Nbd7 11. Nc3 Nc5 12. b4 Ncd7 13. Nce4 Bg6 14. Nxd6 cxd6 15.
Ne4 Nxe4 16. dxe4 Nf6 17. Bg5 Qd7 18. Bxf6 gxf6 19. a4 Qc7 20. a5 a6 21. h4 h5
22. g4 hxg4 23. Qxg4 Kf8 24. Bd3 Ke7 25. h5 Bxh5 26. Qxh5 Rg8+ 27. Kh2 Rh8 28.
Qxh8 Rxh8+ 29. Kg3 Rg8+ 30. Kf3 Qc8 31. c4 Qg4+ 32. Ke3 Qf4+ 33. Ke2 Rg2 34. Kd1
Qf3+ 35. Kd2 Rxf2+ 36. Rxf2 Qxf2+ 37. Kc3 Qd4+ 0-1

[Event "Let's Play Chess!"]
[Site "http://www.queenalice.com/game.php?id=1866476"]
[Date "2025.12.3"]
[Round "-"]
[White "alow_proton"]
[Black "Sph4444"]
[Result "0-1"]
[WhiteElo "1973"]
[BlackElo "1791"]

1. e4 e5 2. f4 exf4 3. Nf3 g5 4. h3 Nf6 5. e5 Nh5 6. Bc4 d5 7. Bb3 Ng3 8. Rg1 c6
9. d4 Qe7 10. Nbd2 Bg7 11. Kf2 O-O 12. Nf1 Nxf1 13. Rxf1 a5 14. a4 b5 15. axb5
cxb5 16. Bxd5 Ra7 17. Kg1 Be6 18. Be4 h6 19. b3 b4 20. Re1 Bd7 21. Bd2 Bc6 22.
c3 Bxe4 23. Rxe4 Nc6 24. c4 f6 25. Qe2 Raa8 26. exf6 Qxf6 27. Re6 Nxd4 28. Nxd4
Qxd4+ 29. Kh2 Qxa1 30. Re7 Ra6 31. Qe4 Rd6 32. Be1 Qf6 33. Ra7 Re6 34. Qd5 Kh8
35. Bf2 Re2 36. Bc5 Rfe8 37. Rd7 Qc3 38. Qb7 Qg3+ 39. Kh1 Re1+ 40. Bg1 Rxg1+ 0-1

[Event "Let's Play Chess!"]
[Site "http://www.queenalice.com/game.php?id=1866477"]
[Date "2025.12.3"]
[Round "-"]
[White "Sph4444"]
[Black "alow_proton"]
[Result "1-0"]
[WhiteElo "1836"]
[BlackElo "1973"]

1. e4 c5 2. Bc4 Nc6 3. Nf3 d6 4. O-O Nf6 5. d3 Bg4 6. h3 Bd7 7. Nc3 e6 8. a4 Be7
9. d4 cxd4 10. Nxd4 a6 11. Nxc6 Bxc6 12. Bd3 O-O 13. Be3 b6 14. b4 Qc7 15. b5
axb5 16. Bxb5 Rfd8 17. Qd4 Nd7 18. Qc4 Rdc8 19. Bxc6 Qxc6 20. Qxc6 Rxc6 21. Bd2
Bf6 22. Ra3 Nc5 23. Nb5 Nxe4 24. Bb4 Nc5 25. a5 bxa5 26. Rxa5 Rxa5 27. Bxa5 Ra6
28. Bc7 d5 29. Bd6 Ne4 30. Ba3 g6 31. Rb1 Rc6 32. f3 Nc3 33. Nxc3 Rxc3 34. Rb8+
Kg7 35. Bf8+ Kg8 36. Bh6+ 1-0

[Event "Hanover"]
[Site "http://www.queenalice.com/game.php?id=1866486"]
[Date "2025.12.3"]
[Round "-"]
[White "Sph4444"]
[Black "alow_proton"]
[Result "1-0"]
[WhiteElo "1874"]
[BlackElo "1973"]

1. e4 c5 2. Bc4 Nc6 3. Nf3 d6 4. O-O Nf6 5. Nc3 Bg4 6. h3 Bd7 7. d3 a6 8. a4 e6
9. Bd2 Be7 10. b3 O-O 11. Re1 Na5 12. e5 Ne8 13. exd6 Nxd6 14. Ne4 Ndxc4 15.
dxc4 Nc6 16. Bc3 f5 17. Ned2 Bf6 18. Bxf6 Rxf6 19. Re3 Qc7 20. Qe2 Re8 21. Re1
h6 22. Ne5 Nxe5 23. Rxe5 g5 24. Nf3 Kg7 25. Rd1 Rf7 26. Qd2 Kf6 27. Re2 Bc6 28.
Qc3+ e5 29. Ne1 Rfe7 30. a5 Kg6 31. f3 Rd7 32. Rxd7 Qxd7 33. Rxe5 Rxe5 34. Qxe5
Qd4+ 35. Qxd4 cxd4 36. Nd3 Kf6 37. Kf2 f4 38. Nb4 Ke5 39. Nxc6+ bxc6 40. Ke2 c5
41. Kd3 h5 42. c3 h4 43. cxd4+ cxd4 44. b4 1-0

[Event "Montpelier"]
[Site "http://www.queenalice.com/game.php?id=1866487"]
[Date "2025.12.3"]
[Round "-"]
[White "alow_proton"]
[Black "Sph4444"]
[Result "1-0"]
[WhiteElo "1957"]
[BlackElo "1842"]

1. e4 e5 2. f4 exf4 3. Nf3 g5 4. h3 b6 5. d4 a5 6. Bc4 Qe7 7. O-O Ba6 8. b3 Bxc4
9. bxc4 Bg7 10. c3 Nc6 11. Ba3 d6 12. c5 dxc5 13. dxc5 bxc5 14. Qd5 Ra6 15. Bxc5
Qf6 16. Re1 Nge7 17. Qc4 Nb8 18. e5 Qc6 19. Nd4 Qg6 20. Bxe7 Kxe7 21. Qxc7+ Nd7
22. Nd2 Qb6 23. Qxb6 Rxb6 24. Rab1 Rxb1 25. Rxb1 Nxe5 26. Nf5+ Kd7 27. Nxg7 Rc8
28. Rb5 f6 29. Ne4 a4 30. Nxf6+ Kd6 31. Ra5 Rxc3 32. Ne4+ 1-0

[Event "Viseu"]
[Site "http://www.queenalice.com/game.php?id=1866490"]
[Date "2025.12.3"]
[Round "-"]
[White "Capixaba789"]
[Black "Sph4444"]
[Result "0-1"]
[WhiteElo "1773"]
[BlackElo "1886"]

1. d4 d5 2. Nc3 Nf6 3. e4 dxe4 4. f3 exf3 5. Qxf3 e6 6. Be3 Bb4 7. Bd3 Bxc3+ 8.
bxc3 O-O 9. Ne2 c6 10. O-O b5 11. Nf4 a5 12. Bxb5 Qc7 13. Bd3 Ba6 14. Kh1 Bxd3
15. cxd3 Nbd7 16. a4 Rfd8 17. c4 c5 18. d5 e5 19. Ne2 Nb6 20. Ng3 Re8 21. Ne4
Nxe4 22. Qxe4 f6 23. Rf3 Qd6 24. Rh3 g6 25. Qh4 Ra7 26. Qe1 g5 27. Bd2 Rea8 28.
Rf3 h6 29. Qd1 Kg7 30. Rb1 Re7 31. Rb5 Rea7 32. Be3 Nd7 33. Qg1 Rc7 34. Qe1 Nb8
35. Rxa5 Na6 36. Rb5 Nb4 37. a5 Nxd3 38. Qa1 Ra6 39. h3 Nb4 40. Qb1 Raa7 41.
Bxc5 Rxc5 42. Qxb4 Rxb5 43. Qxb5 Qd8 44. Qb6 Ra8 45. Qxd8 Rxd8 46. a6 Kf7 47.
Ra3 Ke7 48. a7 Ra8 49. c5 e4 50. Kg1 f5 51. Kf2 f4 52. Ra6 e3+ 53. Ke2 h5 54.
Rh6 g4 55. Rxh5 gxh3 56. Rxh3 Kf6 57. Rh7 Ke5 58. Rd7 Rg8 59. Kf3 Rg3+ 60. Ke2
Rxg2+ 61. Ke1 Ra2 62. c6 f3 63. Re7+ Kd4 64. Kd1 f2 0-1